000 00279nam a2200121Ia 4500
008 190216s9999||||xx |||||||||||||| ||und||
100 _aMarar T R K
245 0 _aPortraits
260 _bThe National Publishing Company
_c1969
300 _a91p
650 _aEnglish
942 _cBK
999 _c12568
_d12568